000 00853nam a2200229 a 4500
001 000021125
005 20200930011236.0
008 100831s1987 cu r 000 j spa d
040 _aDO-SdBNP
_bSPA
_cBNPHU
082 _aCh863.44
_bL358i
100 1 _aLatorre, Mariano,
_c1886-1955.
_921995
245 1 0 _aLa isla de los pájaros y otros cuentos /
_cMariano Latorre ; selección y prólogo de Imeldo Álvarez ; edición Reinaldo Castillo.
260 _aCiudad de La Habana, Cuba :
_bCasa de las Américas,
_c1987.
300 _a369, [11] p. ;
_a19 cm.
490 1 _aLiteratura latinoamericana
_v118
650 4 _aCuentos chilenos
_914649
650 4 _aLiteratura chilena
_ySIGLO XX
_914677
700 1 _aÁlvarez, Imeldo
_epról.
_944175
700 1 _aCastillo, Reinaldo
_eed.
_93176
830 0 _aLiteratura latinoamericana ;
_v118
_9500
049 _aBNGR
999 _c20627
_d20627